Rozvoj kompetencií ako nástroj podpory zamestnanosti v Európe
Ciele iniciatívy plánu hospodárskej obnovy Európy na podporu zamestnanosti prostredníctvom aktivácie, rekvalifikácie a zlepšovania zručností. Kompetenčný model a základné znaky kompetencie. Meranie a úroveň kompetencií. Podpora a opätovná integrácia prepustených pracovníkov do trhu práce.
Saved in:
| Main Author: | |
|---|---|
| Format: | Book Chapter |
| Language: | Slovak |
| Subjects: | |
| Tags: |
No Tags, Be the first to tag this record!
|
MARC
| LEADER | 00000nla$a2200000$$$4500 | ||
|---|---|---|---|
| 001 | 0143080 | ||
| 005 | 20220722102552.6 | ||
| 041 | 0 | |a slo | |
| 044 | |a SK | ||
| 245 | 1 | 0 | |a Rozvoj kompetencií ako nástroj podpory zamestnanosti v Európe |c Viera Šukalová |
| 520 | |a Ciele iniciatívy plánu hospodárskej obnovy Európy na podporu zamestnanosti prostredníctvom aktivácie, rekvalifikácie a zlepšovania zručností. Kompetenčný model a základné znaky kompetencie. Meranie a úroveň kompetencií. Podpora a opätovná integrácia prepustených pracovníkov do trhu práce. | ||
| 610 | 2 | 0 | |a manažment personálny |
| 610 | 2 | 0 | |a riadenie personálne |
| 610 | 2 | 0 | |a rozvoj pracovníkov |
| 610 | 2 | 0 | |a vzdelávanie ďalšie |
| 610 | 2 | 0 | |a rekvalifikácia |
| 610 | 2 | 0 | |a kompetencie |
| 610 | 2 | 0 | |a výkony pracovné |
| 610 | 2 | 0 | |a hodnotenie pracovníkov |
| 610 | 2 | 0 | |a zamestnanosť |
| 100 | 1 | |a Šukalová, Viera | |